ACTA APOSTOLICAE SEDIS. GENNAIO-DICEMBRE 1945. COMMENTARIUM OFFICIALE. (Record n. 323901)

Dettagli MARC
000 -LEADER
fixed length control field 01864nas a2200277Ia 4500
001 - CONTROL NUMBER
control field R262-R5454
003 - CONTROL NUMBER IDENTIFIER
control field IT-CnALBA
008 - FIXED-LENGTH DATA ELEMENTS--GENERAL INFORMATION
fixed length control field 170116c99999999xx |||||||||||| ||und||
040 ## - CATALOGING SOURCE
Original cataloging agency IT-CnALBA
Transcribing agency IT-CnALBA
041 ## - LANGUAGE CODE
Language code of text/sound track or separate title LATINO
999 ## - SYSTEM CONTROL NUMBERS (KOHA)
Koha Dewey Subclass [OBSOLETE] SI
100 ## - MAIN ENTRY--PERSONAL NAME
Personal name PIO XII, PAPA PACELLI EUGENIO.
210 ## - ABBREVIATED TITLE
Abbreviated title ACTA APOSTOLICAE SEDIS
222 ## - KEY TITLE
Key title ACTA APOSTOLICAE SEDIS
245 #0 - TITLE STATEMENT
Title ACTA APOSTOLICAE SEDIS. GENNAIO-DICEMBRE 1945. COMMENTARIUM OFFICIALE.
250 ## - EDITION STATEMENT
Edition statement 1a ed.
260 ## - PUBLICATION, DISTRIBUTION, ETC. (IMPRINT)
Place of publication, distribution, etc. ROMAE
Name of publisher, distributor, etc. TYPIS POLIGLOTTIS VATICANIS.
Date of publication, distribution, etc. 1945 [1° Ed.:1945 - Ed.Ling.Originale: 1945]
300 ## - PHYSICAL DESCRIPTION
Extent 366 p.
310 ## - CURRENT PUBLICATION FREQUENCY
Current publication frequency MENSILE/VARIABILE
362 ## - DATES OF PUBLICATION AND/OR SEQUENTIAL DESIGNATION
Dates of publication and/or sequential designation Fascicolo: 1-13 / Anno: 37 (1945)
500 ## - GENERAL NOTE
General note INDICE GENERALE ATTI DEL PAPA. DELLE CONGREGAZIONI ROMANE. DEI TRIBUNALI. DEGLI UFFICI. APPENDICE, VICARIATO DI ROMA. DIARIO DELLA CURIA ROMANA. ATTI IN ORDINE CRONOLOGICO. NOMI DI PERSONA. DIOCESI E VICARIATI. NOMI DEGLI ISTITUTI RELIGIOSI. ANALITICO COSE NOTEVOLI. COSTITUZIONI APOSTOLICHE. LETTERE APOSTOLICHE. EPISTOLE. MOTU PROPRIO. ALLOCUZIONI. ANNUNZI RADIOFONICI. DISCORSO. ISTRUZIONE PASTORALE. SCOMUNICA DEL SACERDOTE TULLIO CALCAGNO. UFFICIO MESSA DEL CUORE IMACOLATO DI MARIA.
501 ## - WITH NOTE
With note Società San Paolo EM - Piazza San Paolo, 14 - 12051 ALBA (CN) (non commercial uses only) ® Copyright 2017
520 ## - SUMMARY, ETC.
Summary, etc. INDICE GENERALE ATTI DEL PAPA. DELLE CONGREGAZIONI ROMANE. DEI TRIBUNALI. DEGLI UFFICI. APPENDICE, VICARIATO DI ROMA. DIARIO DELLA CURIA ROMANA. ATTI IN ORDINE CRONOLOGICO. NOMI DI PERSONA. DIOCESI E VICARIATI. NOMI DEGLI ISTITUTI RELIGIOSI. ANALITICO COSE NOTEVOLI. COSTITUZIONI APOSTOLICHE. LETTERE APOSTOLICHE. EPISTOLE. MOTU PROPRIO. ALLOCUZIONI. ANNUNZI RADIOFONICI. DISCORSO. ISTRUZIONE PASTORALE. SCOMUNICA DEL SACERDOTE TULLIO CALCAGNO. UFFICIO MESSA DEL CUORE IMACOLATO DI MARIA.
650 ## - SUBJECT ADDED ENTRY--TOPICAL TERM
Topical term or geographic name as entry element ECCLESIOLOGIA
942 ## - ADDED ENTRY ELEMENTS (KOHA)
Koha item type RIVISTA
957 ## -
-- 1
999 ## - SYSTEM CONTROL NUMBERS (KOHA)
-- 1
Dati di copia
Withdrawn status Lost status Damaged status Not for loan Home library Current library Date acquired Total Checkouts Full call number Date last seen Price effective from Koha item type Public note
    Buone Condizioni Not For Loan ALBA - Biblioteca ALBA - Biblioteca 16/01/2017   R262-R5454 16/01/2017 16/01/2017 RIVISTA (data import: 16 gennaio 2017) - By Epidotti, Vaglietti.
CREDITS: SOCIETA' SAN PAOLO Via A.Severo, 58 - ROMA (RM) & PERIODICI SAN PAOLO SRL Via Giotto, 36 MILANO & CISF Via Giotto, 36 MILANO & EDIZIONI SAN PAOLO SRL,  Piazza Soncino, 5 CINISELLO BALSAMO (MI) -- ITALY